[Event "Astana 65 Victory Day"]
[Site "Astana"]
[Date "2010.04.20"]
[Round "12"]
[White "Giniyatullin, Rinat"]
[Black "Serikbayev, Yerlan"]
[Result "1/2-1/2"]
[WhiteElo "2273"]
[BlackElo "2299"]
[PlyCount "107"]
[EventDate "2010.03.26"]
[EventType "tourn"]
[EventRounds "14"]
[EventCountry "KAZ"]
[EventCategory "3"]
[SourceTitle "EXT 2012"]
[Source "ChessBase"]
[SourceDate "2011.11.24"]
[SourceVersion "1"]
[SourceVersionDate "2011.11.24"]
[SourceQuality "1"]

1. e4 c5 2. Nf3 Nc6 3. d4 cxd4 4. Nxd4 e5 5. Nb5 d6 6. g3 h6 7. Bg2 Nf6 8. 0-0 Be7 9. N1c3 a6 10. Na3 Bg4 11. Qd3 0-0 12. h3 Be6 13. Nd5 Rc8 14. c3 Nb8 15. Nxf6+ Bxf6 16. Rd1 Be7 17. Nc2 Nd7 18. Ne3 Nc5 19. Qe2 Bg5 20. Kh2 Kh8 21. Ng4 Bxc1 22. Raxc1 Qe7 23. Ne3 f5 24. exf5 Bxf5 25. Nxf5 Rxf5 26. Rd2 Rcf8 27. Rf1 Ne6 28. Qe3 Qc7 29. Rfd1 Ng5 30. Kh1 R5f6 31. h4 Nf3 32. Rd5 g5 33. R1d3 g4 34. Qe4 h5 35. Re3 Qb6 36. b3 Qc7 37. Rdd3 Qf7 38. Qd5 Qxd5 39. Rxd5 b5 40. Rdd3 Kg7 41. Bxf3 gxf3 42. Rd5 Kg6 43. Kg1 Kf7 44. Kf1 Ke6 45. Red3 Ke7 46. Ke1 Rc8 47. Kd2 Rc6 48. Ke3 Rc8 49. Ke4 Rcf8 50. Re3 Rc8 51. Rdd3 Ke6 52. Rd5 Rcf8 53. Rd1 Rc8 54. Rdd3 1/2-1/2

[Event "Astana 65 Victory Day"]
[Site "Astana"]
[Date "2010.04.17"]
[Round "9"]
[White "Khusnutdinov, Rustam"]
[Black "Giniyatullin, Rinat"]
[Result "1-0"]
[WhiteElo "2527"]
[BlackElo "2273"]
[PlyCount "53"]
[EventDate "2010.03.26"]
[EventType "tourn"]
[EventRounds "14"]
[EventCountry "KAZ"]
[EventCategory "3"]
[SourceTitle "EXT 2012"]
[Source "ChessBase"]
[SourceDate "2011.11.24"]
[SourceVersion "1"]
[SourceVersionDate "2011.11.24"]
[SourceQuality "1"]

1. e4 d6 2. d4 Nf6 3. Nc3 g6 4. g3 Bg7 5. Bg2 0-0 6. Nge2 e5 7. h3 Nc6 8. Be3 Re8 9. 0-0 Bd7 10. Qd2 exd4 11. Nxd4 Nxd4 12. Bxd4 Be6 13. f4 Qd7 14. g4 c5 15. Bf2 Bc4 16. Rfe1 Rad8 17. Rad1 b5 18. b3 b4 19. bxc4 bxc3 20. Qd3 Qa4 21. e5 dxe5 22. Qxd8 Rxd8 23. Rxd8+ Ne8 24. fxe5 Bf8 25. e6 fxe6 26. Rxe6 Ng7 27. Rf6 1-0

[Event "Astana 65 Victory Day"]
[Site "Astana"]
[Date "2010.04.12"]
[Round "5"]
[White "Serikbayev, Yerlan"]
[Black "Giniyatullin, Rinat"]
[Result "1-0"]
[WhiteElo "2299"]
[BlackElo "2273"]
[PlyCount "65"]
[EventDate "2010.03.26"]
[EventType "tourn"]
[EventRounds "14"]
[EventCountry "KAZ"]
[EventCategory "3"]
[SourceTitle "EXT 2012"]
[Source "ChessBase"]
[SourceDate "2011.11.24"]
[SourceVersion "1"]
[SourceVersionDate "2011.11.24"]
[SourceQuality "1"]

1. d4 Nf6 2. Nf3 g6 3. c4 Bg7 4. Nc3 0-0 5. e4 d6 6. Be2 e5 7. d5 a5 8. Nd2 Na6 9. h4 Nc5 10. h5 c6 11. g4 cxd5 12. cxd5 Bd7 13. f3 Rb8 14. a4 Qb6 15. Nb5 Ne8 16. Nc4 Qd8 17. Be3 Bxb5 18. axb5 Bf6 19. Bf2 b6 20. Bxc5 dxc5 21. d6 Rb7 22. Qd5 Rd7 23. 0-0-0 Ng7 24. hxg6 hxg6 25. Nxe5 Ne6 26. Nxd7 Qxd7 27. e5 Bg5+ 28. Kb1 Be3 29. Bc4 a4 30. Qe4 Bd4 31. g5 a3 32. Qh4 f5 33. Bxe6+ 1-0

[Event "Astana 65 Victory Day"]
[Site "Astana"]
[Date "2010.04.11"]
[Round "4"]
[White "Giniyatullin, Rinat"]
[Black "Mogila, Vladimir"]
[Result "0-1"]
[WhiteElo "2273"]
[BlackElo "2312"]
[PlyCount "96"]
[EventDate "2010.03.26"]
[EventType "tourn"]
[EventRounds "14"]
[EventCountry "KAZ"]
[EventCategory "3"]
[SourceTitle "EXT 2012"]
[Source "ChessBase"]
[SourceDate "2011.11.24"]
[SourceVersion "1"]
[SourceVersionDate "2011.11.24"]
[SourceQuality "1"]

1. e4 c5 2. c3 d5 3. exd5 Qxd5 4. d4 Nc6 5. Nf3 e6 6. Be3 cxd4 7. cxd4 Nf6 8. Nc3 Qd6 9. Be2 Be7 10. 0-0 0-0 11. a3 b6 12. b4 Bb7 13. Rc1 Rac8 14. Qb3 Rfd8 15. Rfd1 Bf8 16. Rd2 Ne7 17. Rdc2 Ned5 18. Ne5 Qb8 19. Bf3 Nxc3 20. Rxc3 Bxf3 21. Nxf3 Nd5 22. R3c2 Rxc2 23. Qxc2 Bd6 24. g3 h6 25. Kg2 Ne7 26. Qe4 Rc8 27. Rxc8+ Qxc8 28. Ne5 Nd5 29. b5 Bxa3 30. Nc6 a5 31. Bf4 Qd7 32. Qe5 Nxf4+ 33. gxf4 Qd5+ 34. Kf1 Bd6 35. Qxd5 exd5 36. Ke2 Kf8 37. h3 Bxf4 38. Kf3 Bd6 39. Na7 Ke8 40. Nc8 Bc7 41. Ke3 Kd7 42. Na7 Ke6 43. Kd3 g5 44. f3 f5 45. Nc6 h5 46. Na7 g4 47. fxg4 fxg4 48. hxg4 hxg4 0-1